[Event "Outaouais-ch"]
[Site "Gatineau CAN"]
[Date "2025.04.01"]
[Round "2"]
[White "Thompson, Francis"]
[Black "Latreille, Etienne"]
[Result "0-1"]
[WhiteElo "1788"]
[BlackElo "2084"]
[WhiteFideId "-1"]
[WhiteFideId "-1"]
[PlyCount "86"]
[GameId "2170502837414872"]
[EventDate "2025.03.25"]
[EventType "tourn"]
[EventRounds "7"]
[EventCountry "CAN"]

1. c4 c6 2. Nf3 Nf6 3. Nc3 d5 4. e3 a6 5. b3 Bf5 6. Be2 h6 7. O-O e6 8. a4 a5 9. d4 Bb4 10. Bd2 O-O 11. Ne5 Nbd7 12. Nd3 Bd6 13. g4 Nxg4 14. Nf4 Qh4 15. Bxg4 Bxg4 16. f3 Bxf4 17. exf4 Bh3 18. Rf2 Rfd8 19. c5 b6 20. cxb6 Rdb8 21. Rc1 Rxb6 22. Ne2 Qe7 23. Ng3 Qa3 24. Rc3 Qd6 25. Qc2 Rab8 26. Re2 g6 27. Rce3 c5 28. Bxa5 Ra6 29. dxc5 Qxc5 30. b4 Qd4 31. Qd3 Qxd3 32. Rxd3 Rc8 33. Kf2 Rc4 34. Rb2 Nc5 35. Ra3 Nb7 36. Ne2 Nxa5 37. bxa5 Rxa5 38. Nc3 d4 39. Ne4 Rcxa4 40. Rb8+ Kg7 41. Rab3 Ra2+ 42. Kg3 Bf1 43. Nd6 Rg2+ 0-1

[Event "Outaouais-ch"]
[Site "Gatineau CAN"]
[Date "2025.04.08"]
[Round "3"]
[White "Azar, Sebastien"]
[Black "Thompson, Francis"]
[Result "1-0"]
[WhiteElo "2169"]
[BlackElo "1788"]
[WhiteFideId "-1"]
[WhiteFideId "-1"]
[PlyCount "71"]
[GameId "2170502837525469"]
[EventDate "2025.03.25"]
[EventType "tourn"]
[EventRounds "7"]
[EventCountry "CAN"]

1. c3 Nf6 2. Qc2 d5 3. d4 g6 4. Bf4 Bg7 5. h3 O-O 6. Nf3 c6 7. Nbd2 Bf5 8. Qb3 Qb6 9. g4 Qxb3 10. axb3 Be4 11. g5 Bxf3 12. gxf6 Bxh1 13. fxg7 Kxg7 14. f3 Nd7 15. Kf2 f6 16. Kg1 e5 17. Bg3 Bxf3 18. Nxf3 e4 19. Ne1 g5 20. e3 a6 21. c4 Rac8 22. c5 f5 23. Ng2 Kg6 24. h4 h6 25. Be2 Nf6 26. Bd6 Rf7 27. Kh2 Ng4+ 28. Kh3 Nf2+ 29. Kg3 Nd3 30. Bxd3 exd3 31. Rd1 Re8 32. Be5 Rg8 33. Kf3 Kh5 34. Rg1 Kg6 35. hxg5 Rh7 36. Nf4+ 1-0

[Event "Outaouais-ch"]
[Site "Gatineau CAN"]
[Date "2025.04.08"]
[Round "3"]
[White "Chenier, Raphael"]
[Black "Desjardins, Michel"]
[Result "0-1"]
[WhiteElo "1701"]
[BlackElo "1936"]
[WhiteFideId "-1"]
[WhiteFideId "-1"]
[PlyCount "60"]
[GameId "2170502837537758"]
[EventDate "2025.03.25"]
[EventType "tourn"]
[EventRounds "7"]
[EventCountry "CAN"]

1. d4 Nf6 2. Bg5 g6 3. Bxf6 exf6 4. e3 b6 5. Qf3 Nc6 6. d5 Ne5 7. Qe4 Bg7 8. Nc3 f5 9. Qf4 O-O 10. Nf3 Nxf3+ 11. gxf3 Bb7 12. e4 Re8 13. Be2 fxe4 14. fxe4 Be5 15. Qf3 Qe7 16. O-O-O c6 17. Rhe1 b5 18. dxc6 dxc6 19. Kb1 a5 20. h4 a4 21. h5 b4 22. hxg6 hxg6 23. Qh3 bxc3 24. Bc4 Qb4 25. Bxf7+ Kf8 26. b3 Qa3 27. Qh6+ Bg7 28. Qc1 Qxc1+ 29. Kxc1 Kxf7 30. Rd7+ Re7 0-1

[Event "Outaouais-ch"]
[Site "Gatineau CAN"]
[Date "2025.04.08"]
[Round "3"]
[White "Dupont-Mageau, Nicolas"]
[Black "Filion, Samuel"]
[Result "0-1"]
[WhiteElo "1854"]
[BlackElo "1678"]
[WhiteFideId "-1"]
[WhiteFideId "-1"]
[PlyCount "124"]
[GameId "2170502837537759"]
[EventDate "2025.03.25"]
[EventType "tourn"]
[EventRounds "7"]
[EventCountry "CAN"]

1. d4 e6 2. Nc3 d5 3. Bf4 Nf6 4. Qd2 Bd6 5. Bg5 O-O 6. f3 c5 7. Nb5 cxd4 8. Bxf6 gxf6 9. Nxd6 Qxd6 10. Qxd4 e5 11. Qh4 Bf5 12. O-O-O Qc6 13. e4 dxe4 14. fxe4 Qxe4 15. Qg3+ Qg4 16. Qxg4+ Bxg4 17. Be2 Be6 18. Bf3 Nc6 19. Ne2 Rac8 20. Nc3 Rfd8 21. Rhf1 Rxd1+ 22. Kxd1 Rd8+ 23. Ke1 f5 24. a3 Nd4 25. Rf2 Kg7 26. Bxb7 Rb8 27. Bd5 Rxb2 28. Kd1 Bxd5 29. Nxd5 Ra2 30. Ne3 Rxa3 31. Nxf5+ Nxf5 32. Rxf5 f6 33. Kd2 Kg6 34. Rf1 f5 35. Rb1 e4 36. Rb2 Kg5 37. c4 Rd3+ 38. Ke2 Rd7 39. Ra2 Kf4 40. c5 Ke5 41. c6 Rc7 42. Ra5+ Kf4 43. Ra6 h5 44. Kf2 h4 45. Ke2 Rg7 46. Kf1 Kg4 47. Ra4 Rc7 48. Ra6 f4 49. Kf2 h3 50. gxh3+ Kxh3 51. Ra5 Rxc6 52. Rxa7 Rc2+ 53. Kg1 Rg2+ 54. Kf1 Rxh2 55. Rg7 Ra2 56. Re7 e3 57. Rh7+ Kg3 58. Ke1 Rh2 59. Rg7+ Kf3 60. Rg1 Ra2 61. Rf1+ Ke4 62. Rg1 Ra1+ 0-1

[Event "Outaouais-ch"]
[Site "Gatineau CAN"]
[Date "2025.04.08"]
[Round "3"]
[White "Latreille, Etienne"]
[Black "Lattafi, Youcef"]
[Result "0-1"]
[WhiteElo "2084"]
[BlackElo "1906"]
[WhiteFideId "-1"]
[WhiteFideId "-1"]
[PlyCount "66"]
[GameId "2170502837525468"]
[EventDate "2025.03.25"]
[EventType "tourn"]
[EventRounds "7"]
[EventCountry "CAN"]

1. e4 c5 2. b3 d6 3. Bb2 Nf6 4. Nc3 Nc6 5. Bd3 a6 6. a3 g6 7. f4 Bg7 8. Nge2 O-O 9. O-O b5 10. Ra2 e6 11. Qa1 b4 12. Na4 Rb8 13. e5 dxe5 14. Bxe5 Nxe5 15. Qxe5 Nd7 16. Qe3 Qc7 17. Bc4 Bb7 18. c3 Qc6 19. Qf2 a5 20. Rc1 Rbc8 21. axb4 axb4 22. Bd3 Qd6 23. Bc4 Rfd8 24. h3 Nf6 25. Ng3 h5 26. cxb4 cxb4 27. Qb6 Qxf4 28. Qxb4 Rb8 29. Nf1 Bxg2 30. Qa5 Bxh3 31. Qc3 Bxf1 32. Bxf1 Ng4 33. Qc7 Be5 0-1

[Event "Outaouais-ch"]
[Site "Gatineau CAN"]
[Date "2025.04.22"]
[Round "4"]
[White "Dupont-Mageau, Nicolas"]
[Black "Latreille, Etienne"]
[Result "0-1"]
[WhiteElo "1854"]
[BlackElo "2084"]
[WhiteFideId "-1"]
[WhiteFideId "-1"]
[PlyCount "48"]
[GameId "2170502837627875"]
[EventDate "2025.03.25"]
[EventType "tourn"]
[EventRounds "7"]
[EventCountry "CAN"]

1. e4 d5 2. exd5 Qxd5 3. Nf3 Bg4 4. Be2 Nc6 5. Nc3 Qd7 6. d3 e5 7. Be3 Nge7 8. Bc5 O-O-O 9. O-O f6 10. a3 h5 11. b4 Rh6 12. b5 Nd4 13. Nxd4 exd4 14. Bxg4 hxg4 15. Ne4 Qd5 16. Bxe7 Bxe7 17. Ng3 f5 18. Qe2 Bg5 19. Rae1 Bf4 20. f3 Be3+ 21. Rf2 f4 22. Nf1 g3 23. hxg3 Rdh8 24. Qxe3 Rh1# {[%emt 0:00:00]} 0-1

[Event "Outaouais-ch"]
[Site "Gatineau CAN"]
[Date "2025.04.22"]
[Round "4"]
[White "Filion, Samuel"]
[Black "Desjardins, Michel"]
[Result "1-0"]
[WhiteElo "1678"]
[BlackElo "1936"]
[WhiteFideId "-1"]
[WhiteFideId "-1"]
[PlyCount "35"]
[GameId "2170502837537762"]
[EventDate "2025.03.25"]
[EventType "tourn"]
[EventRounds "7"]
[EventCountry "CAN"]

1. d4 f5 2. c4 e6 3. Nf3 Nf6 4. Nc3 Bb4 5. Bd2 b6 6. g3 Bb7 7. Bg2 O-O 8. O-O Na6 9. a3 Bxc3 10. Bxc3 Ne4 11. Qd3 Nxc3 12. Qxc3 c5 13. Rfd1 Qc7 14. b4 cxb4 15. axb4 Rac8 16. b5 Nb8 17. Rxa7 d5 18. c5 1-0

[Event "Outaouais-ch"]
[Site "Gatineau CAN"]
[Date "2025.04.22"]
[Round "4"]
[White "Lattafi, Youcef"]
[Black "Azar, Sebastien"]
[Result "1-0"]
[WhiteElo "1906"]
[BlackElo "2169"]
[WhiteFideId "-1"]
[WhiteFideId "-1"]
[PlyCount "85"]
[GameId "2170502837537761"]
[EventDate "2025.03.25"]
[EventType "tourn"]
[EventRounds "7"]
[EventCountry "CAN"]

1. e4 Nf6 2. e5 Nd5 3. c4 Nb6 4. d4 d6 5. f4 dxe5 6. fxe5 Nc6 7. Be3 Bf5 8. Nc3 e6 9. Be2 Be7 10. Nf3 O-O 11. O-O f6 12. exf6 Bxf6 13. Qd2 Qe7 14. h3 h6 15. Rad1 Rad8 16. Qc1 Rd7 17. Rd2 Rfd8 18. Rfd1 Kh8 19. b3 g5 20. g4 Bh7 21. a3 Qg7 22. c5 Nd5 23. Nxd5 Rxd5 24. Bc4 Be4 25. Bxd5 Bxd5 26. Rf1 Bxb3 27. Rdf2 Nxd4 28. Nxd4 Bxd4 29. Bxd4 Qxd4 30. Qb1 Bc4 31. Qg6 Qg7 32. Qxg7+ Kxg7 33. Rf7+ Kg8 34. R1f6 Rd1+ 35. Kg2 Rd2+ 36. Kf3 Rd1 37. Ke3 Rd3+ 38. Ke4 Rxa3 39. Rxc7 Bd5+ 40. Ke5 Re3+ 41. Kd6 Rxh3 42. Rff7 Bc6 43. Ke7 1-0

[Event "Outaouais-ch"]
[Site "Gatineau CAN"]
[Date "2025.04.22"]
[Round "4"]
[White "Thompson, Francis"]
[Black "Chenier, Raphael"]
[Result "1-0"]
[WhiteElo "1788"]
[BlackElo "1701"]
[WhiteFideId "-1"]
[WhiteFideId "-1"]
[PlyCount "89"]
[GameId "2170502837537760"]
[EventDate "2025.03.25"]
[EventType "tourn"]
[EventRounds "7"]
[EventCountry "CAN"]

1. Nf3 g6 2. e4 Bg7 3. Nc3 d6 4. d4 Nf6 5. Be2 O-O 6. O-O Nc6 7. h3 e5 8. dxe5 Nxe5 9. Nxe5 dxe5 10. Bg5 c6 11. Qxd8 Rxd8 12. Rfd1 Be6 13. a4 a5 14. Kf1 h6 15. Be3 Bf8 16. Bb6 Rxd1+ 17. Rxd1 Nd7 18. Be3 Kg7 19. b3 Be7 20. f3 Rd8 21. Nb1 Nf6 22. Bb6 Ra8 23. Bc4 Nd7 24. Bc7 Bxc4+ 25. bxc4 Nc5 26. Bxe5+ f6 27. Bc7 Kf7 28. Nc3 Ne6 29. Bb6 c5 30. Rd7 Ke8 31. Rxb7 Nd8 32. Bxd8 Bxd8 33. Nd5 Ra6 34. Ke2 Rc6 35. Rg7 f5 36. Kd3 Kf8 37. Rb7 fxe4+ 38. fxe4 g5 39. g4 Kg8 40. e5 Re6 41. Ke4 h5 42. Rb8 Re8 43. Nf6+ Bxf6 44. Rxe8+ Kf7 45. Ra8 1-0

[Event "Outaouais-ch"]
[Site "Gatineau CAN"]
[Date "2025.04.29"]
[Round "5"]
[White "Azar, Sebastien"]
[Black "Dupont-Mageau, Nicolas"]
[Result "1-0"]
[WhiteElo "2169"]
[BlackElo "1854"]
[WhiteFideId "-1"]
[WhiteFideId "-1"]
[PlyCount "113"]
[GameId "2173552407042894"]
[EventDate "2025.03.25"]
[EventType "tourn"]
[EventRounds "7"]
[EventCountry "CAN"]

1. Nf3 c5 2. g3 g6 3. Bg2 Bg7 4. O-O Nc6 5. c3 Nf6 6. d4 cxd4 7. cxd4 d5 8. Nc3 O-O 9. Ne5 e6 10. Nxc6 bxc6 11. Na4 a5 12. Bf4 Nh5 13. Be3 Rb8 14. Qd2 Qe7 15. b3 Qb4 16. Rfd1 Ba6 17. Nc5 Bc8 18. Rac1 Nf6 19. Bf4 Rb5 20. a4 Qxd2 21. Bxd2 Rb8 22. Bxa5 Nd7 23. Nxd7 Bxd7 24. b4 Bf6 25. e4 Bd8 26. exd5 exd5 27. Bxd8 Rfxd8 28. Rb1 Rb7 29. Rb3 Ra8 30. Ra1 Rab8 31. Rab1 Ra7 32. a5 Re8 33. Bf1 Bf5 34. Bd3 Bxd3 35. Rxd3 Rb8 36. Ra3 Rab7 37. Kf1 Kf8 38. Ke2 Ke7 39. Kd3 Kd7 40. Kc3 Kd6 41. Rab3 Rb5 42. Re1 R8b7 43. Rb2 Rb8 44. g4 R5b7 45. Re3 f6 46. Rbe2 Rf7 47. Re8 Rbb7 48. Rd8+ Kc7 49. Ree8 h6 50. Rf8 Re7 51. Rc8+ Kd6 52. Rxf6+ Kd7 53. Rff8 Kd6 54. Rfd8+ Rbd7 55. Re8 Rf7 56. Rf8 Rde7 57. a6 1-0

[Event "Outaouais-ch"]
[Site "Gatineau CAN"]
[Date "2025.04.29"]
[Round "5"]
[White "Chenier, Raphael"]
[Black "Lattafi, Youcef"]
[Result "0-1"]
[WhiteElo "1701"]
[BlackElo "1906"]
[WhiteFideId "-1"]
[WhiteFideId "-1"]
[PlyCount "56"]
[GameId "2173552407063375"]
[EventDate "2025.03.25"]
[EventType "tourn"]
[EventRounds "7"]
[EventCountry "CAN"]

1. e4 c5 2. Nf3 d6 3. d4 cxd4 4. Nxd4 Nf6 5. Nc3 a6 6. f3 e5 7. Nb3 Be7 8. Be3 Be6 9. Qd2 h5 10. Be2 Nbd7 11. Nd5 Bxd5 12. exd5 Qc7 13. O-O Nb6 14. Bxb6 Qxb6+ 15. Kh1 h4 16. c4 Nh5 17. c5 dxc5 18. Qe3 Kf8 19. Bc4 Qg6 20. Rfe1 Nf4 21. Qf2 b5 22. Bf1 Qd6 23. Qe3 c4 24. Nd2 Nh5 25. Rad1 f5 26. b3 Qc7 27. h3 Ng3+ 28. Kh2 e4 0-1

[Event "Outaouais-ch"]
[Site "Gatineau CAN"]
[Date "2025.04.29"]
[Round "5"]
[White "Latreille, Etienne"]
[Black "Filion, Samuel"]
[Result "1-0"]
[WhiteElo "2084"]
[BlackElo "1678"]
[WhiteFideId "-1"]
[WhiteFideId "-1"]
[PlyCount "70"]
[GameId "2173552407075664"]
[EventDate "2025.03.25"]
[EventType "tourn"]
[EventRounds "7"]
[EventCountry "CAN"]

1. e4 e6 2. d4 d5 3. Nd2 c5 4. Ngf3 cxd4 5. Nxd4 Nf6 6. Bb5+ Bd7 7. Qe2 Qb6 8. c3 Bxb5 9. Qxb5+ Qxb5 10. Nxb5 Kd7 11. exd5 Nxd5 12. Nf3 Nc6 13. c4 Nc7 14. Be3 Nxb5 15. cxb5 Nb4 16. O-O-O+ Nd5 17. Rhe1 Bb4 18. Re2 Ke7 19. Rxd5 Rac8+ 20. Kb1 exd5 21. Bc5+ Kf6 22. Bxb4 Rhe8 23. Bc3+ Kf5 24. Rd2 Rcd8 25. Bxg7 f6 26. Bh6 Re4 27. Be3 a6 28. bxa6 bxa6 29. Nd4+ Kg6 30. Rc2 Rd6 31. Rc8 Rg4 32. g3 Re4 33. Kc2 Re7 34. g4 Red7 35. Nf5 Rd8 1-0

[Event "Outaouais-ch"]
[Site "Gatineau CAN"]
[Date "2025.05.20"]
[Round "5"]
[White "Desjardins, Michel"]
[Black "Thompson, Francis"]
[Result "1/2-1/2"]
[WhiteElo "1936"]
[BlackElo "1788"]
[WhiteFideId "-1"]
[WhiteFideId "-1"]
[PlyCount "53"]
[GameId "2180729938347765"]
[EventDate "2025.03.25"]
[EventType "tourn"]
[EventRounds "7"]
[EventCountry "CAN"]

1. e4 c5 2. Nf3 e6 3. d4 cxd4 4. Nxd4 a6 5. g3 Qc7 6. Bg2 Ne7 7. Nc3 Nbc6 8. Nb3 d6 9. Be3 b5 10. O-O Ne5 11. a4 b4 12. Ne2 Nc4 13. Bc1 Bb7 14. Nd2 d5 15. exd5 Bxd5 16. c3 Bxg2 17. Kxg2 Nd5 18. Qb3 Rc8 19. Nxc4 Qxc4 20. Qxc4 Rxc4 21. b3 Re4 22. Kf3 Rxe2 23. Kxe2 bxc3 24. Be3 Bb4 25. Bd4 Rg8 26. f4 g6 27. Rac1 1/2-1/2

[Event "Outaouais-ch"]
[Site "Gatineau CAN"]
[Date "2025.05.06"]
[Round "6"]
[White "Filion, Samuel"]
[Black "Thompson, Francis"]
[Result "1/2-1/2"]
[WhiteElo "1678"]
[BlackElo "1788"]
[WhiteFideId "-1"]
[WhiteFideId "-1"]
[PlyCount "149"]
[GameId "2174969458512026"]
[EventDate "2025.03.25"]
[EventType "tourn"]
[EventRounds "7"]
[EventCountry "CAN"]

1. d4 Nf6 2. c4 g6 3. Nc3 d5 4. Nf3 Bg7 5. e3 O-O 6. Be2 c5 7. O-O cxd4 8. Nxd4 Nc6 9. cxd5 Nxd5 10. Nxd5 Qxd5 11. Bf3 Qc5 12. Nxc6 bxc6 13. Qa4 Rb8 14. Qxc6 Qxc6 15. Bxc6 Bxb2 16. Rb1 Be5 17. Rxb8 Bxb8 18. Ba3 Ba6 19. Rc1 Rc8 20. Ba4 Rxc1+ 21. Bxc1 Bc4 22. Bb3 Bxb3 23. axb3 Bd6 24. g3 Kf8 25. Kg2 Ke8 26. Kf3 Kd7 27. Ke4 Kc6 28. Bd2 e5 29. g4 f6 30. Bc3 Bc7 31. f4 Kd6 32. fxe5+ Ke6 33. exf6 Bxh2 34. g5 Bg3 35. Kf3 Bd6 36. e4 a6 37. Bd4 Bf8 38. Kg4 Ba3 39. Bc3 Bc1 40. Bb4 Be3 41. e5 Bc1 42. Be1 Be3 43. Bg3 Bd2 44. Bh2 Bc1 45. Bf4 Ba3 46. Kf3 Kd5 47. Ke2 Bf8 48. Kd3 Bb4 49. Bd2 Bf8 50. Bc3 Bc5 51. b4 Bf8 52. Kc2 h5 53. gxh6 Bxh6 54. Kd3 Ke6 55. Bd2 Bf8 56. Ke4 g5 57. Bc3 Bh6 58. Bd4 g4 59. Bc3 Bc1 60. Bd4 Bd2 61. Bc5 Bg5 62. Be3 Bh4 63. Kf4 Be1 64. Bc5 g3 65. Kf3 Bc3 66. Bd6 Be1 67. Be7 Bc3 68. Kxg3 Bxe5+ 69. Kf3 Bxf6 70. Bc5 Kd5 71. Ke3 Kc4 72. Kd2 Bc3+ 73. Kc2 Bxb4 74. Bxb4 Kxb4 75. Kb2 1/2-1/2

[Event "Outaouais-ch"]
[Site "Gatineau CAN"]
[Date "2025.05.06"]
[Round "6"]
[White "Latreille, Etienne"]
[Black "Azar, Sebastien"]
[Result "0-1"]
[WhiteElo "2084"]
[BlackElo "2169"]
[WhiteFideId "-1"]
[WhiteFideId "-1"]
[PlyCount "67"]
[GameId "2174969458512027"]
[EventDate "2025.03.25"]
[EventType "tourn"]
[EventRounds "7"]
[EventCountry "CAN"]

1. e4 d6 2. d4 Nf6 3. Nc3 e5 4. h3 Be7 5. Nf3 Nbd7 6. Bc4 c6 7. dxe5 dxe5 8. O-O O-O 9. Qe2 b5 10. Bd3 Qc7 11. b3 Rd8 12. Bb2 Nh5 13. Rfd1 Nf4 14. Qf1 Nc5 15. Rac1 Bf6 16. b4 Nce6 17. Ne2 a6 18. g3 Ng6 19. c4 Qe7 20. a3 Bd7 21. cxb5 axb5 22. Bb1 h5 23. h4 Nef8 24. Rc5 Bh3 25. Qe1 Rxd1 26. Qxd1 Rd8 27. Qb3 Bg4 28. Kg2 Bxh4 29. Neg1 Bf6 30. Qc3 Bd7 31. Ba2 Ne6 32. Nxe5 Nxc5 33. Bxf7+ Qxf7 34. Qxc5 0-1

[Event "Outaouais-ch"]
[Site "Gatineau CAN"]
[Date "2025.05.06"]
[Round "6"]
[White "Lattafi, Youcef"]
[Black "Desjardins, Michel"]
[Result "1-0"]
[WhiteElo "1906"]
[BlackElo "1936"]
[WhiteFideId "-1"]
[WhiteFideId "-1"]
[PlyCount "57"]
[GameId "2175212828615435"]
[EventDate "2025.03.25"]
[EventType "tourn"]
[EventRounds "7"]
[EventCountry "CAN"]

1. e4 e6 2. d4 d5 3. e5 c5 4. c3 Nc6 5. Nf3 Bd7 6. Bd3 Rc8 7. a3 cxd4 8. cxd4 Qb6 9. Bc2 g5 10. h3 Nxd4 11. Nxd4 Bc5 12. Ne2 Bxf2+ 13. Kf1 Bc5 14. Nbc3 Qc7 15. b4 Bb6 16. Bb2 Ne7 17. Bd3 Ng6 18. Nb5 Qb8 19. Nd6+ Ke7 20. Nxc8+ Rxc8 21. Qd2 h6 22. Bxg6 fxg6 23. Ke1 Rc4 24. a4 Re4 25. b5 Ke8 26. Rf1 Be3 27. Qc2 Bf4 28. Qc5 b6 29. Qa3 1-0

[Event "Outaouais-ch"]
[Site "Gatineau CAN"]
[Date "2025.05.11"]
[Round "6"]
[White "Dupont-Mageau, Nicolas"]
[Black "Chenier, Raphael"]
[Result "1-0"]
[Annotator "hugh_"]
[WhiteElo "1854"]
[BlackElo "1701"]
[WhiteFideId "-1"]
[WhiteFideId "-1"]
[PlyCount "77"]
[GameId "2176655650051316"]
[EventDate "2025.03.25"]
[EventType "tourn"]
[EventRounds "7"]
[EventCountry "CAN"]

{[%evp 0,77,20,21,6,-3,-14,8,7,-7,8,34,12,3,13,17,34,63,40,39,35,33,60,62,105,50,102,87,3,66,-33,53,45,1,82,84,71,81,199,119,199,258,211,204,280,337,326,298,322,305,305,315,287,263,306,299,305,321,364,261,258,311,354,301,365,284,527,396,475,522,480,480,401,472,489,465,949,735,29993,29986]} 1. d4 Nf6 2. Nc3 d5 3. Bf4 c6 4. f3 Bf5 5. g4 Bg6 6. Qd2 e6 7. h4 h5 8. g5 Nfd7 9. e4 Be7 10. Bd3 Nb6 11. O-O-O Nc4 12. Qe2 Nd6 13. Bxd6 Bxd6 14. exd5 Bxd3 15. Qxd3 cxd5 16. g6 Qd7 17. Nh3 f6 18. Qe3 O-O 19. Rde1 Bb4 20. Qxe6+ Qxe6 21. Rxe6 Bxc3 22. bxc3 Nc6 23. Nf4 Rfe8 24. Rhe1 Kf8 25. Nxd5 Rxe6 26. Rxe6 Rd8 27. Nf4 Ne7 28. Re2 Rd6 29. Kd2 Nf5 30. Ne6+ Kg8 31. Nc5 Kf8 32. Nxb7 Rb6 33. Nc5 Rd6 34. Ne6+ Kg8 35. Re4 Ng3 36. Re1 Nf5 37. Rb1 Rd8 38. Nxd8 Ne3 39. Kxe3 1-0

[Event "Outaouais-ch"]
[Site "Gatineau CAN"]
[Date "2025.05.13"]
[Round "7"]
[White "Chenier, Raphael"]
[Black "Latreille, Etienne"]
[Result "0-1"]
[WhiteElo "1830"]
[BlackElo "2170"]
[WhiteFideId "-1"]
[WhiteFideId "-1"]
[PlyCount "66"]
[GameId "2183961168677800"]
[EventDate "2025.03.25"]
[EventType "tourn"]
[EventRounds "7"]
[EventCountry "CAN"]

1. e4 c5 2. Nf3 Nc6 3. d4 cxd4 4. Nxd4 g6 5. c4 Nf6 6. Nc3 Nxd4 7. Qxd4 d6 8. Be3 Bg7 9. Be2 O-O 10. Qd2 a5 11. O-O a4 12. Rac1 Be6 13. Rfd1 Qa5 14. f3 Nd7 15. Nd5 Bxd5 16. cxd5 Nc5 17. Qxa5 Rxa5 18. Rc2 f5 19. Bxc5 dxc5 20. Rdc1 Bd4+ 21. Kf1 fxe4 22. Ke1 e3 23. Bd3 b6 24. Ke2 Rd8 25. Be4 Kg7 26. b3 axb3 27. axb3 Kf6 28. Rb1 Rb5 29. Rc4 Ra8 30. Ra4 Rd8 31. Kd3 e6 32. Kc4 Ra5 33. dxe6 b5+ 0-1

[Event "Outaouais-ch"]
[Site "Gatineau CAN"]
[Date "2025.05.13"]
[Round "7"]
[White "Desjardins, Michel"]
[Black "Dupont-Mageau, Nicolas"]
[Result "1/2-1/2"]
[WhiteElo "1936"]
[BlackElo "1854"]
[WhiteFideId "-1"]
[WhiteFideId "-1"]
[PlyCount "51"]
[GameId "2177747631596079"]
[EventDate "2025.03.25"]
[EventType "tourn"]
[EventRounds "7"]
[EventCountry "CAN"]

1. e4 c5 2. Nf3 Nc6 3. c3 e5 4. Bb5 Bd6 5. O-O Nf6 6. Re1 O-O 7. d4 cxd4 8. cxd4 Bb4 9. Nc3 exd4 10. Nxd4 Qb6 11. Nxc6 dxc6 12. Bc4 Bg4 13. Qb3 Bc5 14. Qc2 Be6 15. Bxe6 fxe6 16. Na4 Qa5 17. Be3 Bxe3 18. Rxe3 Ng4 19. Re2 Qe5 20. g3 Qh5 21. f4 g5 22. Qc5 Ne5 23. Rg2 Nf3+ 24. Kh1 Rf6 25. fxg5 Qxg5 26. Qxg5+ 1/2-1/2

[Event "Outaouais-ch"]
[Site "Gatineau CAN"]
[Date "2025.05.13"]
[Round "7"]
[White "Thompson, Francis"]
[Black "Lattafi, Youcef"]
[Result "0-1"]
[WhiteElo "1788"]
[BlackElo "1906"]
[WhiteFideId "-1"]
[WhiteFideId "-1"]
[PlyCount "64"]
[GameId "2178240481100537"]
[EventDate "2025.03.25"]
[EventType "tourn"]
[EventRounds "7"]
[EventCountry "CAN"]

1. c4 Nf6 2. Nc3 c5 3. Nf3 Nc6 4. e3 e5 5. d4 cxd4 6. exd4 e4 7. d5 exf3 8. dxc6 Qe7+ 9. Be3 dxc6 10. gxf3 Bf5 11. Qa4 Qb4 12. Qxb4 Bxb4 13. Bd2 O-O 14. O-O-O Rfe8 15. h4 Rad8 16. Be3 Bxc3 17. bxc3 Rxd1+ 18. Kxd1 Nd7 19. Bh3 Bxh3 20. Rxh3 Ne5 21. Bxa7 Nxc4 22. Bd4 f6 23. Rg3 Kf7 24. Rg4 b5 25. Re4 h5 26. Rxe8 Kxe8 27. Ke2 Nd6 28. f4 Nf5 29. Kf3 Nxh4+ 30. Kg3 Nf5+ 31. Kh3 Nxd4 32. cxd4 f5 0-1

[Event "Outaouais-ch"]
[Site "Gatineau CAN"]
[Date "2025.05.20"]
[Round "7"]
[White "Azar, Sebastien"]
[Black "Filion, Samuel"]
[Result "1-0"]
[WhiteElo "2169"]
[BlackElo "1678"]
[WhiteFideId "-1"]
[WhiteFideId "-1"]
[PlyCount "63"]
[GameId "2180729938347766"]
[EventDate "2025.03.25"]
[EventType "tourn"]
[EventRounds "7"]
[EventCountry "CAN"]

1. d4 d5 2. Bf4 e6 3. e3 Nf6 4. Nd2 c5 5. c3 Bd6 6. Bb5+ Nc6 7. Bxd6 Qxd6 8. Ngf3 O-O 9. O-O Bd7 10. Qe2 a6 11. Bxc6 Bxc6 12. a4 b5 13. a5 b4 14. Rfc1 bxc3 15. Rxc3 Bb5 16. dxc5 Bxe2 17. cxd6 Rfd8 18. Nd4 Bh5 19. Rc6 Ne8 20. N2b3 Rxd6 21. Rac1 Bg6 22. f4 h6 23. Rc8 Rxc8 24. Rxc8 Kf8 25. Nc5 Ke7 26. Nc6+ Kf6 27. g4 Be4 28. Rxe8 Rxc6 29. Nd7+ Kg6 30. Nf8+ Kf6 31. Nd7+ Kg6 32. Ne5+ 1-0

[Event "Outaouais-ch Reserve"]
[Site "Gatineau CAN"]
[Date "2025.03.25"]
[Round "1"]
[White "Bachand, Dominic"]
[Black "Scantland, Patrick"]
[Result "0-1"]
[WhiteElo "1301"]
[BlackElo "1623"]
[WhiteFideId "-1"]
[WhiteFideId "-1"]
[PlyCount "80"]
[GameId "2170502837701661"]
[EventDate "2025.03.25"]
[EventType "swiss"]
[EventRounds "8"]
[EventCountry "CAN"]

1. e4 c5 2. Nf3 d6 3. d4 cxd4 4. Nxd4 Nf6 5. Nc3 a6 6. Bg5 e6 7. a4 Be7 8. Bd3 Qb6 9. Nb3 Nbd7 10. Be3 Qc7 11. O-O O-O 12. Rc1 b6 13. f4 Bb7 14. f5 Ne5 15. Nd2 Nfg4 16. Qe2 Nxe3 17. Qxe3 d5 18. Ne2 Bc5 19. Nd4 Ng4 20. Qh3 Bxd4+ 21. Kh1 exf5 22. exf5 Nf6 23. Rf3 Bxb2 24. Rcf1 Be5 25. Qh4 Qd8 26. Rh3 h6 27. Nf3 Qd6 28. Nxe5 Qxe5 29. Rg3 Kh7 30. Qb4 Qc7 31. Rb1 Rfe8 32. Qd4 Qc5 33. Qh4 Qc3 34. h3 Re1+ 35. Rxe1 Qxe1+ 36. Kh2 Qe5 37. Kh1 Re8 38. Kh2 Bc8 39. Qb4 Bxf5 40. Bxa6 Nh5 0-1

[Event "Outaouais-ch Reserve"]
[Site "Gatineau CAN"]
[Date "2025.03.25"]
[Round "1"]
[White "Bastien, Andre"]
[Black "Perrier, Vincent"]
[Result "1-0"]
[WhiteElo "1724"]
[BlackElo "1309"]
[WhiteFideId "-1"]
[WhiteFideId "-1"]
[PlyCount "71"]
[GameId "2170502837701657"]
[EventDate "2025.03.25"]
[EventType "swiss"]
[EventRounds "8"]
[EventCountry "CAN"]

1. Nf3 Nf6 2. g3 g6 3. b4 Bg7 4. Bb2 d5 5. Bg2 O-O 6. O-O Nbd7 7. d3 Re8 8. Nbd2 e5 9. e4 d4 10. a4 a5 11. b5 Nb6 12. Nb3 Bf8 13. Qd2 Nfd7 14. Ba3 Bxa3 15. Rxa3 Qe7 16. Ra2 Nc5 17. Nxc5 Qxc5 18. Rc1 Be6 19. Raa1 Re7 20. c3 dxc3 21. Rxc3 Qb4 22. Qc2 Rc8 23. Nxe5 f6 24. Nf3 Rd7 25. d4 Bg4 26. h3 Bxf3 27. Bxf3 Qxd4 28. Rd1 Qb4 29. Rxd7 Nxd7 30. Rxc7 Rxc7 31. Qxc7 Ne5 32. Qd8+ Kg7 33. Kg2 Nxf3 34. Kxf3 Qxa4 35. Qe7+ Kh6 36. Qf8+ 1-0

[Event "Outaouais-ch Reserve"]
[Site "Gatineau CAN"]
[Date "2025.03.25"]
[Round "1"]
[White "Blais, Robert"]
[Black "Arsenault, Michel"]
[Result "0-1"]
[WhiteElo "1319"]
[BlackElo "1781"]
[WhiteFideId "-1"]
[WhiteFideId "-1"]
[PlyCount "20"]
[GameId "2170502837648363"]
[EventDate "2025.03.25"]
[EventType "swiss"]
[EventRounds "8"]
[EventCountry "CAN"]

1. e4 c5 2. Nf3 e6 3. d4 cxd4 4. Nxd4 a6 5. Be3 Nf6 6. Bd3 Qc7 7. Qd2 Be7 8. c4 Nc6 9. Nc3 Ne5 10. Bf4 Nxd3+ 0-1